Základné teórie a úrovne leadershipu uplatňované v manažérskej praxi

Teórie leadershipu môžme klasifikovať ako preskriptívne verzus deskriptívne, univerzálne verzus kontingentné, teórie zamerané na lídra alebo na nasledovníkov. Úroveň analýzy je ďalším základom pre rozlišovanie týchto teórií. Úrovne zahŕňajú vodcovstvo ako individuálny, dvojčlenný, skupinový alebo or...

Descrizione completa

Salvato in:
Dettagli Bibliografici
Autore principale: Hudáková, Ivana, 1976-
Altri autori: Ljudvigová, Ivana
Natura: Capitolo di libro
Lingua:slovacco
Soggetti:
Tags: Aggiungi Tag
Nessun Tag, puoi essere il primo ad aggiungerne!!

MARC

LEADER 00000nla$a2200000$$$4500
001 0128331
005 20240502072451.2
041 0 |a slo 
044 |a SK 
245 1 0 |a Základné teórie a úrovne leadershipu uplatňované v manažérskej praxi  |c Ivana Hudáková, Ivana Ljudvigová 
520 |a Teórie leadershipu môžme klasifikovať ako preskriptívne verzus deskriptívne, univerzálne verzus kontingentné, teórie zamerané na lídra alebo na nasledovníkov. Úroveň analýzy je ďalším základom pre rozlišovanie týchto teórií. Úrovne zahŕňajú vodcovstvo ako individuálny, dvojčlenný, skupinový alebo organizačný proces. Príspevok uvádza jednotlivé teórie a úrovne leadershipu v manažérskej praxi, uplatňované nielen v SR, ale aj v zahraničí. 
610 2 0 |a vodcovstvo 
610 2 0 |a definície 
610 2 0 |a teória a prax 
610 2 0 |a teória vedenia 
610 2 0 |a manažment 
100 1 |a Hudáková, Ivana, 1976- 
700 1 |a Ljudvigová, Ivana